| 000 | 00765nam a2200205 a 4500 | ||
|---|---|---|---|
| 003 | 0 | ||
| 005 | 20250215091342.0 | ||
| 008 | 130828s19uu xx 00 eng d | ||
| 050 |
_aPGS HB 3711 _b.Al366 2013 |
||
| 100 | _aAlejo, Renard Joseph. | ||
| 245 |
_aFamily income and gadget addiction / _cRenard Joseph Alejo. |
||
| 260 |
_aLas PiƱas City, Philippines : _bSouthville International School and Colleges, _c2013. |
||
| 300 |
_a35 pages : _billustrations ; _c28 cm. |
||
| 504 | _aIncludes bibliographical references. | ||
| 650 |
_aFamily income _vPsychological aspects. |
||
| 650 |
_aChildren _vEffect of technological innovations on. |
||
| 650 | _aInternet addiction in children. | ||
| 650 |
_aMobile devices _vPsychological aspects. |
||
| 942 |
_2lcc _cPASS |
||
| 999 |
_c98988 _d98988 |
||